LEADER 01874nam0 2200421 i 450 001 RAV0823178 005 20251003044330.0 010 $a8815084398 020 $aIT$b2003-2981 100 $a20020418d2002 ||||0itac50 ba 101 | $aita 102 $ait 181 1$6z01$ai $bxxxe 182 1$6z01$an 200 1 $aˆIl ‰mondo della produzione$esociologia del lavoro e dell'industria$fAris Accornero 205 $aNuova ed 210 $aBologna$cIl mulino$d2002 215 $a361 p.$d24 cm.$e1 CD-ROM, 1 fasc. (P. 353-365 ; 22 cm.) 225 | $aStrumenti$i. Sociologia 300 $aTit. del fasc.: Indice dei nomi, errata corrige. 314 $a1931- // Sociologo, professore universitario$9CFIV012657 410 0$1001CFI0014541$12001 $aStrumenti$i. Sociologia 606 $aProduzione$xAspetti socio-culturali$2FIR$3BA1C167978$9I 606 $aSociologia del lavoro$2FIR$3CFIC014244$9E 676 $a306.3$9Cultura e istituzioni. Istituzioni economiche$v14 676 $a306.3$9ISTITUZIONI ECONOMICHE$v19 676 $a306.36$9SISTEMI DI LAVORO$v21 676 $a338$9PRODUZIONE$v20 700 1$aAccornero$b, Aris$3CFIV012657$4070$0437517 801 3$aIT$bIT-000000$c20020418 850 $aIT-BN0095 $aIT-AV0007 901 $bNAP AV$cSEZ. M $nSezione Moderna 901 $bNAP 01$cPOZZO LIB.$nVi sono collocati fondi di economia, periodici di ingegneria e scienze, periodici di economia e statistica e altri fondi comprendenti documenti di economia pervenuti in dono. 912 $aRAV0823178 950 0$aBiblioteca Centralizzata di Ateneo$c1 v.$d 01POZZO LIB.ECON MON 9955$e 0101 0000001755E VMA 1 v. precedente collocazione sez. DASES B 0148$fB $h20070925$i20070925 977 $a 01$a AV 996 $aMondo della produzione$966343 997 $aUNISANNIO